Statistics for Church of England Cathedral Cities

Click here to take the quiz!

General Stats

  • This quiz has been taken 5 times
  • The average score is 20 of 43

Answer Stats

First letterYear EstablishedAnswer% Correct
B1905Birmingham
100%
L1904Liverpool
100%
L1675London
100%
M1847Manchester
100%
N1882Newcastle
100%
O1542Oxford
100%
P1927Portsmouth
100%
S1914Sheffield
100%
Y300York
100%
B1926Blackburn
67%
B1919Bradford
67%
B1897Bristol
67%
C597Canterbury
67%
C1113Carlisle
67%
E1109Ely
67%
E1050Exeter
67%
N1094Norwich
67%
B1914Bury St Edmonds
33%
C1914Chelmsford
33%
C1541Chester
33%
C1080Chichester
33%
D1927Derby
33%
D997Durham
33%
G1541Gloucester
33%
G1965Guildford
33%
H676Hereford
33%
L1927Leicester
33%
L1048Lichfield
33%
L1070Lincoln
33%
S1227Salisbury
33%
S1905Southwark
33%
T1880Truro
33%
W650Winchester
33%
W735Worcester
33%
C1962Coventry
0%
G1842Gibraltar
0%
P1980Peel
0%
P1541Peterborough
0%
R1836Ripon
0%
R604Rochester
0%
S1887St Albans
0%
W1888Wakefield
0%
W1239Wells
0%

Score Distribution

Percentile by Number Answered

Percent of People with Each Score

Your Score History

You have not taken this quiz